Efetividade da justiȧ no mundo contemporńeo: Entre ťica e economia

Detalles Bibliográficos
Formato: eBook
Lenguaje:portugués
Publicado: Belo Horizonte: Initia Via Editora, 2017
Materias:
Acceso en línea:Acceso restringido

MARC

LEADER 00000nam a22000007a 4500
005 2021042100010.0
007 cr|||| ||||
008 210421s2017 br |||||s|||| 00||0 por d
020 |a 978-85-9547-006-4 
035 |a 33010 
040 |a vLex 
090 |c 11495  |d 11495 
245 0 0 |a Efetividade da justiȧ no mundo contemporńeo: Entre ťica e economia  |h [Recurso electrn̤ico] / 
256 |a Servicio en ln̕ea 
260 |a Belo Horizonte:  |b Initia Via Editora,  |c 2017 
300 |a 1 recurso electrn̤ico 
506 1 |a Disponible solo en los productos indicados  |d vLex Global  |d vLex Global (Academic Edition, excluding Law Schools)  |d vLex Global (U.S. Academic Edition, Law Schools)  |d vLex Global (U.S. Academic Edition, excluding Law Schools)  |d vLex Global (Academic Edition, Law Schools) 
650 0 4 |a Ciencias sociales  |z Brasil 
740 0 |a vLex Libros (Servicio en ln̕ea) 
856 4 0 |u https://vlex.com/source/efetividade-justi-a-mundo-contempor-neo-etica-economia-33010  |z Acceso restringido 
942 |c BOOK 
999 0 |a Social Sciences